| 000 | 00682nam a2200205Ia 4500 | ||
|---|---|---|---|
| 003 | GCL | ||
| 008 | 140319s9999 xx 000 0 ara d | ||
| 040 |
_aGCL / _cGCL |
||
| 082 | 0 | 4 |
_a821 _bا د |
| 100 | 1 | _aاليوت, ت 0 س | |
| 245 | 1 | 0 |
_aديوان القطط: ما قاله الجرذ العجوز عن القطط العملية / _cاليوت, ت 0 س |
| 700 | 1 | _aصبرى حافظ (مترجم) | |
| 260 |
_a[S.N] : _bالهيئة المصرية العامة للكتاب ، _c1990 |
||
| 300 | _a501 ص | ||
| 490 | _a | ||
| 650 | 0 | 4 | _aدواوين وقصائد |
| 650 | 0 | 4 | _aالادب الانجليزى |
| 650 | 0 | 4 | _aالشعر الانجليزى |
| 942 |
_2ddc _cBK |
||
| 999 |
_c27504 _d27504 |
||